European Capitals With Nine Letters - Statistics

General Stats
  • This quiz has been taken 56 times
  • The average score is 5 of 7
Answer Stats
capital % Correct
Stockholm
100%
Amsterdam
86%
Bucharest
82%
Ljubljana
71%
Podgorica
71%
Reykjavík
69%
San Marino
57%
No matching quizzes found
Score Distribution
Percent of People with Each Score
Percentile by Number Answered
Your Score History
You have not taken this quiz